<?xml version="1.0" encoding="UTF-8"?>
<marc:record xmlns:marc="http://www.loc.gov/MARC21/slim">
   <marc:leader>00000nam a2200000 a 4500</marc:leader>
   <marc:datafield ind1="1" ind2=" " tag="100">
      <marc:subfield code="a">Kostrzewa, Anne</marc:subfield>
      <marc:subfield code="4">aut</marc:subfield>
      <marc:subfield code="e">Verfasser/-in</marc:subfield>
   </marc:datafield>
   <marc:datafield ind1="1" ind2=" " tag="100">
      <marc:subfield code="a">Vigh, Inka</marc:subfield>
      <marc:subfield code="4">aut</marc:subfield>
      <marc:subfield code="e">Verfasser/-in</marc:subfield>
   </marc:datafield>
   <marc:datafield ind1="0" ind2="0" tag="245">
      <marc:subfield code="a">Geburtstag, Karneval &amp; Lichterfest</marc:subfield>
   </marc:datafield>
   <marc:datafield ind1="0" ind2="0" tag="245">
      <marc:subfield code="b">so feiert man Feste anderswo</marc:subfield>
   </marc:datafield>
   <marc:datafield ind1="0" ind2="0" tag="245">
      <marc:subfield code="c">Kostrzewa, Anne</marc:subfield>
   </marc:datafield>
   <marc:datafield ind1=" " ind2="1" tag="264">
      <marc:subfield code="a">Frankfurt am Main</marc:subfield>
      <marc:subfield code="b">FISCHER Sauerländer</marc:subfield>
      <marc:subfield code="c">2020</marc:subfield>
   </marc:datafield>
   <marc:datafield ind1="1" ind2=" " tag="520">
      <marc:subfield code="a">Angaben aus der Verlagsmeldung

Geburtstag, Karneval &amp; Lichterfest - So feiert man Feste anderswo : So feiert man Feste anderswo Kostrzewa, Geburtstag, Karneval &amp; Lichterfest - So feiert man Feste anderswo / von Anne Kostrzewa

Komm mit auf eine spannende Reise und entdecke, wie rund um die Welt gefeiert wird!
Wo bekommt das Geburtstagskind „Feenbrot“? Wann isst man in China möglichst lange Nudeln? Warum darf man in Schottland zu einer Hochzeit nichts Grünes tragen? Dieses Buch erzählt von allerhand Geschichten, Bräuchen und Traditionen aller Kulturen und Kontinente und erklärt in wundervollen Bildern, wo, wie und warum Menschen zum Feiern zusammenkommen. Egal wie unterschiedlich Neujahr, ein Geburtstag oder Weihnachten begangen werden, eines haben diese Feste alle gemeinsam: kunterbunt, manchmal laut, fröhlich oder besinnlich – gefeiert wird überall!
Mit Sensibilität, wertschätzend und gleichzeitig humorvoll zeigt dieses Buch die Einzigartigkeit jedes Menschen auf und wirbt gleichzeitig für Verständnis und gegenseitigen Respekt.
</marc:subfield>
   </marc:datafield>
   <marc:datafield ind1=" " ind2=" " tag="020">
      <marc:subfield code="a">9783737356602</marc:subfield>
      <marc:subfield code="9">9783737356602</marc:subfield>
   </marc:datafield>
   <marc:datafield ind1=" " ind2=" " tag="020">
      <marc:subfield code="a">3737356602</marc:subfield>
      <marc:subfield code="9">3737356602</marc:subfield>
   </marc:datafield>
   <marc:datafield ind1=" " ind2=" " tag="041">
      <marc:subfield code="a">ger</marc:subfield>
   </marc:datafield>
   <marc:datafield ind1=" " ind2=" " tag="300">
      <marc:subfield code="a">40 Seiten</marc:subfield>
   </marc:datafield>
</marc:record>
